|
|
|
|
| LEADER |
00000cam a22000004a 4500 |
| 001 |
musev2_61593 |
| 003 |
MdBmJHUP |
| 005 |
20230905050341.0 |
| 006 |
m o d |
| 007 |
cr||||||||nn|n |
| 008 |
690801s1969 nyu o 00 0 eng d |
| 020 |
|
|
|a 9781684450084
|
| 020 |
|
|
|z 168445008X
|
| 020 |
|
|
|z 9780815627364
|
| 020 |
|
|
|z 081562736X
|
| 035 |
|
|
|a (OCoLC)1055851740
|
| 040 |
|
|
|a MdBmJHUP
|c MdBmJHUP
|
| 100 |
1 |
|
|a Pickett, Robert S.
|
| 245 |
1 |
0 |
|a House of Refuge :
|b Origins of Juvenile Reform in New York State, 1815-1857 /
|c Robert S. Pickett.
|
| 250 |
|
|
|a [1st ed.]
|
| 264 |
|
1 |
|a Syracuse, N.Y.] :
|b Syracuse University Press,
|c [1969]
|
| 264 |
|
3 |
|a Baltimore, Md. :
|b Project MUSE,
|c 2018
|
| 264 |
|
4 |
|c ©[1969]
|
| 300 |
|
|
|a 1 online resource.
|
| 336 |
|
|
|a text
|b txt
|2 rdacontent
|
| 337 |
|
|
|a computer
|b c
|2 rdamedia
|
| 338 |
|
|
|a online resource
|b cr
|2 rdacarrier
|
| 490 |
0 |
|
|a A New York State study
|
| 505 |
0 |
|
|a Manhattan, gateway to the New York world (1825-55) -- The society for the prevention of pauperism (1825-55) -- The quest for support (1824-26) -- Joseph Curtis, first superintendent of the New York house of refuge (1824-26) -- Institutions for the reformation of juvenile delinquents (1825-59) -- "Most prolific sources of juvenile crime" (1826-56) -- The road to Albany (1827-54) -- The New York house of refuge system (1827-54) -- Coming of age (1827-57).
|
| 506 |
0 |
|
|a Open Access
|f Unrestricted online access
|2 star
|
| 588 |
|
|
|a Description based on print version record.
|
| 610 |
2 |
7 |
|a House of Refuge (New York, N.Y.)
|2 fast
|0 (OCoLC)fst00610977
|
| 610 |
2 |
6 |
|a New York House of Refuge, Randall's Island.
|
| 610 |
2 |
0 |
|a House of Refuge (New York, N.Y.)
|
| 650 |
|
7 |
|a Juvenile delinquency.
|2 fast
|0 (OCoLC)fst00985320
|
| 650 |
|
7 |
|a HISTORY
|z United States
|x State & Local
|x Middle Atlantic (DC, DE, MD, NJ, NY, PA)
|2 bisacsh
|
| 650 |
|
6 |
|a Enfants places en institution.
|
| 650 |
|
6 |
|a Delinquance juvenile
|z New York (État)
|z New York.
|
| 650 |
|
2 |
|a Residential Treatment
|
| 650 |
|
2 |
|a Juvenile Delinquency
|x rehabilitation
|
| 650 |
|
2 |
|a Child, Institutionalized
|
| 650 |
|
0 |
|a Juvenile delinquency
|z New York (State)
|z New York.
|
| 651 |
|
7 |
|a New York (State)
|z New York.
|2 fast
|0 (OCoLC)fst01204333
|
| 655 |
|
7 |
|a Electronic books.
|2 local
|
| 710 |
2 |
|
|a Project Muse.
|e distributor
|
| 830 |
|
0 |
|a Book collections on Project MUSE.
|
| 856 |
4 |
0 |
|z Texto completo
|u https://projectmuse.uam.elogim.com/book/61593/
|